| Tag |
First Indicator |
Second Indicator |
Subfields |
| LEADER |
00000cam a22000008a 4500 |
| 001 |
in00000078144 |
| 005 |
20151008060642.0 |
| 008 |
810518s1981 ohu 00110 eng |
| 010 |
|
|
|a 81002083
|
| 020 |
|
|
|a 089879045X :
|c $13.95
|
| 035 |
|
|
|a (OCoLC)07552182
|
| 035 |
|
|
|9 AAJ6246AM
|
| 039 |
0 |
|
|a 2
|b 3
|c 3
|d 3
|e 3
|
| 040 |
|
|
|a DLC
|c DLC
|d TXA
|d UtOrBLW
|
| 049 |
|
|
|a TXAM
|c [1673084]
|
| 050 |
0 |
0 |
|a PN3365
|b .K63
|
| 082 |
0 |
|
|a 808/.025
|2 19
|
| 100 |
1 |
|
|a Koontz, Dean R.
|q (Dean Ray),
|d 1945-
|
| 245 |
1 |
0 |
|a How to write best-selling fiction /
|c by Dean R. Koontz.
|
| 250 |
|
|
|a 1st ed.
|
| 263 |
|
|
|a 8104
|
| 264 |
|
1 |
|a Cincinnati, Ohio :
|b Writer's Digest Books,
|c [1981]
|
| 264 |
|
4 |
|c ©1981
|
| 300 |
|
|
|a 309 pages ;
|c 21 cm.
|
| 336 |
|
|
|a text
|b txt
|2 rdacontent
|
| 337 |
|
|
|a unmediated
|b n
|2 rdamedia
|
| 338 |
|
|
|a volume
|b nc
|2 rdacarrier
|
| 500 |
|
|
|a Includes index.
|
| 650 |
|
0 |
|a Fiction
|x Authorship.
|
| 999 |
|
|
|a MARS
|
| 999 |
f |
f |
|s 2a276450-3e1d-3127-9a80-515766fb7b16
|i b03b86cf-9b11-3091-8565-345ba1590fd0
|t 0
|
| 952 |
f |
f |
|p normal
|a Texas A&M University
|b College Station
|c Sterling C. Evans Library
|d Evans: Library Stacks
|t 0
|e PN3365 .K63
|h Library of Congress classification
|i unmediated -- volume
|m A14806178816
|
| 998 |
f |
f |
|a PN3365 .K63
|t 0
|l Evans: Library Stacks
|